Online
Catalog

Transmutación de una gesta: (Record no. 51123)

MARC details
000 -CABECERA
campo de control de longitud fija 00739nam a2200217 a 4500
003 - IDENTIFICADOR DEL NÚMERO DE CONTROL
campo de control DO-SdBNP
005 - FECHA Y HORA DE LA ÚLTIMA TRANSACCIÓN
campo de control 20211214112953.0
007 - CAMPO FIJO DE DESCRIPCIÓN FÍSICA--INFORMACIÓN GENERAL
campo de control de longitud fija ta
008 - DATOS DE LONGITUD FIJA--INFORMACIÓN GENERAL
campo de control de longitud fija 211214e2018 dr ac||gr|||| 001 0 spa d
040 ## - FUENTE DE LA CATALOGACIÓN
Centro catalogador/agencia de origen DO-SdBNP
Lengua de catalogación spa
Centro/agencia transcriptor BNPHU
082 #4 - NÚMERO DE LA CLASIFICACIÓN DECIMAL DEWEY
Número de edición 22
Número de documento/Ítem S718tr
100 1# - ENTRADA PRINCIPAL--NOMBRE DE PERSONA
Nombre de persona Soto, Fidel
9 (RLIN) 80860
245 10 - MENCIÓN DE TÍTULO
Título Transmutación de una gesta:
Resto del título junio 1959 - noviembre 1963 /
Mención de responsabilidad, etc. Fidel Soto; Prólogo, Julio Cuevas
260 ## - PUBLICACIÓN, DISTRIBUCIÓN, ETC.
Lugar de publicación, distribución, etc. Santo Domingo :
Nombre del editor, distribuidor, etc. Búho,
Fecha de publicación, distribución, etc. 2018
300 ## - DESCRIPCIÓN FÍSICA
Extensión 62 p. :
Otras características físicas il, retr.
Dimensiones 21 cm.
500 ## - NOTA GENERAL
Nota general En conmemoración del 55 aniversario de la Insurrección del 28 de noviembre del 1963 Museo de la Dignidad.
590 ## - NOTA LOCAL (RLIN)
Nota local Inventariado MF / 2021
700 1# - PUNTO DE ACCESO ADICIONAL--NOMBRE DE PERSONA
9 (RLIN) 9459
Nombre de persona Cuevas, Julio,
Títulos y otros términos asociados al nombre 1955-
Término indicativo de función/relación prólogo
910 ## - DATOS DE OPCIÓN DEL USUARIO (OCLC)
Datos de opción del usuario MFeliz
942 ## - ELEMENTOS DE PUNTO DE ACCESO ADICIONAL (KOHA)
Fuente del sistema de clasificación o colocación Dewey Decimal Classification
Tipo de ítem Koha Libro
Holdings
Estado de retiro Estado de pérdida Fuente del sistema de clasificación o colocación Restricciones de uso No para préstamo Código de colección Localización permanente Ubicación/localización actual Ubicación en estantería Fecha de adquisición Fuente de adquisición Total de préstamos Signatura topográfica completa Código de barras Fecha visto por última vez Precio válido a partir de Tipo de ítem Koha Número de copia
    Dewey Decimal Classification Préstamo en sala   Dominicana de Servicio Biblioteca Nacional Pedro Henríquez Ureña Dominicana Depósito 12.03.2019 Depósito legal / Editora Búho   S718tr 2021-28580 14.12.2021 14.12.2021 Libro y Folleto Colección Dominicana de Servicio e.3
    Dewey Decimal Classification Excluido de préstamo   Patrimonio Dominicano Biblioteca Nacional Pedro Henríquez Ureña Patrimonio Dominicano Depósito 12.03.2019 Depósito legal / Editora Búho   S718tr 2021-28578 14.12.2021 14.12.2021 Libro y Folleto Colección Patrimonio Dominicano  
    Dewey Decimal Classification Excluido de préstamo   Patrimonio Dominicano Biblioteca Nacional Pedro Henríquez Ureña Patrimonio Dominicano Depósito 12.03.2019 Depósito legal / Editora Búho   S718tr 2021-28579 14.12.2021 14.12.2021 Libro y Folleto Colección Patrimonio Dominicano e.2

Powered by Koha